| 000 | 00835nam a2200313 a 4500 | ||
|---|---|---|---|
| 001 | 000107693 | ||
| 003 | CHAP | ||
| 005 | 20220329143939.0 | ||
| 008 | 131015s2007 mx |r| |||||||spa d | ||
| 010 | _a104155 | ||
| 011 | _a105127 | ||
| 020 | _a9701065558 | ||
| 040 | _cCHAP | ||
| 082 | 0 | 4 |
_a512 _bS6 2007 |
| 100 | 0 | 0 |
_aSpiegel, Murray R. _9109217 |
| 245 | 1 | 0 |
_aÁlgebra superior / _cpor Murray R. Spiegel y Robert E. Moyer. |
| 250 | _a3 ed. | ||
| 260 |
_aMéxico, D.F. : _bMcGraw-Hill, _cc2007. |
||
| 300 | _axv, 388 p. | ||
| 490 | 1 | _aSchaum | |
| 534 |
_pTít. original : _tSchaum's outline of college algebra |
||
| 590 |
_aE11695DGD _b10 _c20131015 _lUCH01 _h1055 |
||
| 650 | 1 | 4 |
_aÁlgebra. _982391 |
| 700 | 1 |
_aMoyer, Robert E. _9124417 |
|
| 830 | 0 |
_aSchaum _9102914 |
|
| 901 | _aBK | ||
| 942 | _cLIBRO | ||
| 942 | _n0 | ||
| 999 |
_c104155 _d104155 |
||